00748 a2200229 4500003000500000005001700005020003800022020001500060040000900075082001400084100002400098245011300122250001300235260003400248300002200282505010500304650002500409650002700434650001800461650001800479700002100497Nust20221027104517.0 a0-471-55221-6 (International ed.) a997151172X cNust a621.3,SMI1 aSmith, Ralph Judson00aCircuits, devices and systems :ba first course in electrical engineering /cRalph J. Smith, Richard C. Dorf a5th. ed. aNew York :bWiley,ccop. 1992 axi, 868 p :bill. a Part 1:- Circuits (Page-1), Part 2:- Electronics (Page-304), Part 3:- Electromechanics (Page-658),  0aElectric engineering 0aElectrical engineering 0aElektroteknik 0aElektroteknik1 aDorf, Richard C.